|
|
|
|
| LEADER |
00000nam a2200000 a 4500 |
| 001 |
vtls001397331 |
| 003 |
SK-MaSNL |
| 005 |
20260301011924.0 |
| 008 |
250312s1966 xr dl frp 000 0 cze |
| 015 |
|
|
|a SNBA1966
|
| 020 |
|
|
|q (viazané)
|
| 035 |
|
|
|a SNK000351732
|
| 035 |
|
|
|a 4FF06195-0241-4EF3-8BD6-F6BC2262357C
|
| 035 |
|
|
|a urn:nbn:sk:snk-am00ifr6
|
| 040 |
|
|
|a SNK
|b slo
|c SNK
|e AACR2
|
| 041 |
0 |
|
|a cze
|a slo
|
| 044 |
|
|
|a xr
|c CZ
|a xo
|c SK
|
| 072 |
|
7 |
|a 514
|x Geometria
|2 konspekt
|
| 072 |
|
7 |
|a 37.016
|x Učebné osnovy. Vyučovacie predmety. Učebnice
|2 konspekt
|
| 080 |
|
|
|a 514.18
|2 2011
|
| 080 |
|
|
|a (075.8)
|2 2011
|
| 100 |
1 |
|
|a Piska, Rudolf,
|d 1910-1985
|4 aut
|9 219525
|
| 245 |
1 |
0 |
|a Deskriptivní geometrie I
|c Rudolf Piska, Václav Medek
|
| 250 |
|
|
|a 1. vyd.
|
| 260 |
|
|
|a Praha
|b Státní nakladatelství technické literatury
|a Bratislava
|b Slovenské vydavateľstvo technickej literatúry
|c 1966
|
| 300 |
|
|
|a 333 strán
|b grafy, schémy, tabuľky
|c 24 cm
|
| 366 |
|
|
|e 6000 výtl.
|
| 650 |
0 |
7 |
|a deskriptívna geometria
|2 SNKPH
|9 831
|
| 655 |
|
7 |
|a učebnice vysokých škôl
|2 SNKPH
|9 70191
|
| 700 |
1 |
|
|a Medek, Václav,
|d 1923-1992
|4 aut
|9 207536
|
| 852 |
|
|
|a Slovenská národná knižnica
|
| 954 |
|
|
|a odborná, vedecká literatúra cudzojazyčná (svetová)
|2 lita
|
| 958 |
|
|
|a OND
|
| 999 |
|
|
|c 552213
|d 554143
|
| 952 |
|
|
|a SNK
|b SNK
|y PREZ
|7 0
|p 17A0803554
|o snkSC 21119/1
|i snkKSP 2985/66
|0 0
|1 0
|4 0
|d 2012-08-27
|f 1
|l 0
|r 2026-02-23 13:13:56
|w 2026-02-23
|
| 952 |
|
|
|a SNK
|b SNK
|y VYP
|7 0
|p 17A0252807
|o snkSC 21119/1 D1
|i snkKIP 2986/66
|0 0
|1 0
|4 0
|d 2000-10-02
|l 0
|r 2005-01-02 00:00:00
|w 2026-02-23
|